| 000 | 01069nam a22002777a 4500 | ||
|---|---|---|---|
| 001 | 8236 | ||
| 003 | FISKH | ||
| 005 | 20250904113732.0 | ||
| 008 | 250904b cb ||||| |||| 00| 0 eng d | ||
| 020 | _a9780746060490 | ||
| 040 |
_aFISKH _beng _cFISKH _dFISKH |
||
| 082 | _a796.54 | ||
| 100 | _aAmery, Heather | ||
| 245 |
_aCamping out / _cBy Heather Amery and Stephen Cartwright |
||
| 260 |
_aLondon : _bStaffron Hill , _c2004. |
||
| 300 |
_a16 unnumbered pages : _bcolor illustrations ; _c21 cm . |
||
| 490 | _aUsborne Farmyard Tales | ||
| 505 | _aH | ||
| 520 | _aEach page has two reading levels, one for beginners and one for more advanced readers-- Beginners can use the first reading level to achieve the satisfaction of reading the whole book by themselves-- Stephen Cartwright's illustrations give clues to the words and their meanings | ||
| 521 | 8 |
_a400
_bLexile estimate |
|
| 521 | 8 |
_aH
_bRaz-Plus |
|
| 650 |
_aHiking & Camping _vFiction |
||
| 700 |
_aCartwright, Stephen _eIllustrator |
||
| 942 |
_2ddc _cBK _n0 |
||
| 999 |
_c8236 _d8236 |
||